banner-ar

Abydos : (Record no. 60673)

MARC details
000 -الفاتح
حقل البيانات ثابتة الطول 00645nam a22002057a 4500
005 - وقت وتاريخ اخر تعامل مع التسجيلة
رقم الضبط 20240530110422.0
008 - عناصر البيانات ثابتة الطول - معلومات عامة
حقل البيانات ثابتة الطول 150312s2009 ua aof f b 001 0 eng d
020 ## - الرقم الدولى المعيارى للكتب
الرقم الدولى المعيارى للكتاب 9789774162787
040 ## - مصدر الفهرسة
وكالة الفهرسة الأصلية EG-CaGPL
وكالة النسخ EG-CaGPL
082 04 - رقم تصنيف ديوى العشرى
رقم الطبعة 21
رقم التصنيف 932
رقم المادة CC/OA
100 1# - المدخل الرئيسى - إسم شخصى
الإسم الشخصى O'CONNOR, David
245 10 - بيان العنوان
العنوان Abydos :
بقية العنوان Egypt's first pharaohs and the cult of Osiris /
بيان المسئوليه,etc David O'Connor.
260 ## - PUBLICATION, DISTRIBUTION, ETC. (IMPRINT)
تاريخ النشر أو التوزيع c2009.
300 ## - الوصف المادى
التعداد 216 p. :
تفاصيل ماديه اخرى للوعاء ill. ;
أبعاد الوعاء 26 cm.
504 ## - تبصرة ببليوجرافية
تبصرة ببليوجرافية,الخ Includes bibliographical references and index.
650 0# - المدخل الاضافى بالموضوع-مصطلح موضوعى
مصطلح موضوعي Egypt
التقسيم الفرعي العام Antiquities
942 ## - عناصر المدخل الإضافي( كوها)
مصدر التصنيف او مخطط الترفيف Dewey Decimal Classification
Koha [default] item type كتاب
260 ## - PUBLICATION, DISTRIBUTION, ETC. (IMPRINT)
-- Cairo :
-- The American University in Cairo Press,
Holdings
حالة التراجع حالة الفقد مصدر التصنيف او خطة الترفيف حالة تلف ليس للاعارة المكان المؤقت الموقع الحالى تاريخ الاكتساب اجمالي اﻻعارات رقم الطلب الباركود تاريخ اخر مشاهدة تاريخ تفعيل السعر نوع وعاء كوها
    ddc     مكتبة القاهرة الكبرى مكتبة القاهرة الكبرى 03/12/2015   932 CC/OA 159773 03/12/2015 03/12/2015 كتاب

Powered By

EGPV